000 01243cam a2200313 a 4500
001 17823526
003 EG-ScBUE
005 20220919092826.0
008 130723s2014 nyua f b 001 0 eng d
020 _a9780415840668
040 _aDLC
_beng
_erda
_cDLC
_dEG-ScBUE
_dEG-ScBUE
082 0 4 _a720.472028566
_bAND
_222
100 1 _aAnderson, Kjell,
_eauthor.
_937699
245 1 0 _aDesign energy simulation for architects :
_bguide to 3D graphics /
_cKjell Anderson.
264 1 _aNew York ;
_aAbingdon, Oxon :
_bRoutledge / Taylor & Francis Group,
_c2014.
300 _axix, 249 pages :
_bcolor illustrations ;
_c28 cm
336 _2rdacontent
_atext
_btxt
337 _2rdamedia
_aunmediated
_bn
338 _2rdacarrier
_avolume
_bnc
504 _aIncludes bibliographical references and index.
650 7 _aSustainable buildings
_xDesign and construction
_xData processing.
_2BUEsh
_937701
650 7 _aArchitecture and energy conservation.
_2BUEsh
_95048
650 7 _aBuildings
_xEnergy conservation
_xComputer simulation.
_2BUEsh
_937702
650 7 _aThree-dimensional display systems.
_2BUEsh
_937703
651 _2BUEsh
653 _bENGARC
_cApril2015
_cJanuary2017
655 _vReading book
_934232
942 _2ddc
_k720.472028566 AND
_cBB
999 _c19215
_d19187